| 000 | 01469nam a2200325Ia 4500 | ||
|---|---|---|---|
| 003 | OSt | ||
| 005 | 20200723141452.0 | ||
| 008 | 191128s2009 ck gr 001 0 spa d | ||
| 020 | _a9788498723311 | ||
| 040 |
_aCO-JMCR _cCO-JMCR |
||
| 041 | 1 |
_aspa _heng |
|
| 082 | 0 | 4 |
_a331 / _b L283f _223 |
| 100 | 1 |
_aLevitt, Steven D., _eautor _93967 |
|
| 245 | 1 | 0 |
_aFreakonomics / _cSteven D. Levitt y Stephen J. Dubner ; traducción, Andrea Montero |
| 250 | _a1a edición | ||
| 260 |
_aBogotá : _bEdiciones B ; _c2009. |
||
| 300 | 1 |
_a325 páginas ; _c20 cm. |
|
| 490 |
_aBolsillo zeta. Divulgación ; _v2946, 1. |
||
| 500 | _aIncluye índice temático páginas 313-325. | ||
| 505 | 0 | _a¿Qué tienen en común un maestro de escuela y un luchador de sumo? -- ¿En qué se parece el Ku Klux Klan a un grupo de agentes inmobiliarios? -- ¿Por qué continúan viviendo los traficantes de drogas con sus madres? | |
| 520 | 0 | _aSe trata de especialistas que estudian la esencia y los enigmas de la vida cotidiana y cuyas conclusiones, con frecuencia, ponen patas arriba la sabiduría convencional. A través de ejemplos prácticos y de una sárcastica perspicacia. | |
| 534 | _pFreakonomics | ||
| 546 | _aTraducido del inglés | ||
| 650 | 1 | 4 |
_aEconomía _97677 |
| 650 | 2 | 4 |
_aAspectos psicológicos _91594 |
| 650 | 2 | 4 |
_aEconomía _xAspectos sociales _97678 |
| 700 | 1 |
_aDubner, Stephen J., _eautor _94558 |
|
| 700 | 1 |
_aMontero, Andrea, _etraductora _94559 |
|
| 942 |
_2ddc _cBK |
||
| 999 |
_c4869 _d4869 |
||